POLYMER BULLETIN (Record no. 8403)

MARC details
000 -LEADER
fixed length control field 00379nam a2200133Ia 4500
022 ## - INTERNATIONAL STANDARD SERIAL NUMBER
ISSN 0170-0839
245 #0 - TITLE STATEMENT
Title POLYMER BULLETIN
260 ## - PUBLICATION, DISTRIBUTION, ETC. (IMPRINT)
Name of publisher Springer International, Berlin
Place of publication Germany
500 ## - GENERAL NOTE
General note Ending Volume & Year: 14, 1985
500 ## - GENERAL NOTE
General note Missing Volume: 3(1-4);9;11
500 ## - GENERAL NOTE
General note Starting Volume & Year: 3, 1980
942 ## - ADDED ENTRY ELEMENTS (KOHA)
Koha item type Bound Journal
Holdings
Withdrawn status Lost status Damaged status Not for loan Home library Current library Date acquired Accession Number Koha item type
      Bound journals RRII Library RRII Library 31/12/2021 08366J Bound Journal